000 02423cam a2200229 4500500
005 20260405000956.0
041 _afre
042 _adc
100 1 0 _aPerseil, Sonny
_eauthor
245 0 0 _aLa culture de la drogue
260 _c2026.
500 _a45
520 _aAlors que les autorités françaises, dans leur lutte contre le narcotrafic, semblent avoir déclaré une guerre sans concession aux consommateurs, qu’elles tiennent pour principaux responsables du développement de la criminalité sévissant sur le marché des stupéfiants, l’histoire culturelle de l’Hexagone tend à montrer l’attrait d’une bonne partie de la population pour les drogues. La culture populaire nationale exprime en effet non un rejet de certains produits qualifiés de drogues, mais au contraire une appréciation largement positive. Des exemples significatifs illustrent cette tendance, comme, dans l’un des plus grands succès de la bande dessinée, la valorisation du produit dopant utilisé par les Gaulois du village d’Astérix (la potion magique) pour résister aux Romains, qui n’est pas sans évoquer les effets attendus de certains médicaments, en particulier les antidépresseurs, dont les Français sont de grands consommateurs. La culture de l’alcool, et en particulier celle du vin, apparaît également au cœur des passions françaises ; certains vignobles figurent d’ailleurs au patrimoine culturel de l’Organisation des Nations unies pour l’éducation, la science et la culture, et l’œnologie est devenue une discipline, professionnelle et scientifique, pleinement reconnue. Le cannabis, dont la culture se diversifie de plus en plus en espèces différemment appréciées par les experts et les usagers, est aussi très consommé en France et se prête fréquemment à un jugement critique qui témoigne de l’intérêt de la population pour le produit. D’une façon plus générale, d’autres drogues dites illégales, comme les psychédéliques, suscitent l’engouement et une approche finalement culturelle des drogues en France.
690 _aalcool
690 _aAstérix
690 _acannabis
690 _aculture
690 _adrogue
690 _amédicaments
786 0 _nMédecine et Philosophie | 14 | 1 | 2026-02-26 | p. 60-63 | 2650-5614
856 4 1 _uhttps://stm.cairn.info/revue-medecine-et-philosophie-2026-1-page-60?lang=fr&redirect-ssocas=7080
999 _c2042756
_d2042756